000
00245nam a2200121Ia 4500
100
_a
#N/A
942
_c
BK
245
_a
microelectronic Circuits Theory and Applications
260
_b
#N/A
082
_b
21539
546
_a
ENGLISH
999
_c
26935
_d
26935